000 00355nam a2200169Ia 4500
008 210210b1890 xxu||||| |||| 00| 0 eng d
041 _aeng
082 _a444/354
100 _aSCHULTZ (J)
245 _aJean de kerdren
260 _aLondon
_b-
_c1890
650 _akerdren
650 _aJean
650 _ade
690 _aFrench
906 _a006549
999 _c129538
_d129538